Music Quiz

Random Music or Kpop Quiz
Score 0/50 Timer 12:00
0 Plays Today
Position Song % Correct
#50. (0:00-0:10)Kill This Love
99.4%
#18. (5:20-5:30)gogobebe
79.7%
#11. (6:30-6:40)Want
79.1%
#6. (7:20-7:30)Miroh
78.5%
#3. (7:50-8:00)Boy With Luv (feat. Halsey)
78.5%
#10. (6:40-6:50)Dalla Dalla
77.8%
#1. (8:10-8:20)Fancy
77.2%
#26. (4:00-4:10)I'm So Hot
76.6%
#15. (5:50-6:00)Noir
75.9%
#4. (7:40-7:50)Gotta Go
75.9%
#21. (4:50-5:00)Say My Name
75.3%
#19. (5:10-5:20)Senorita
75.3%
#8. (7:00-7:10)Crown
73.4%
#35. (2:30-2:40)Home
72.8%
#23. (4:30-4:40)Birthday
72.8%
#36. (2:20-2:30)I'm Ok
72.2%
#27. (3:50-4:00)Bon Bon Chocolat
72.2%
#20. (5:00-5:10)Eung Eung %%
71.5%
#40. (1:40-1:50)Snapping
69%
#17. (5:30-5:40)Piri
68.4%
#25. (4:10-4:20)Side Effects
65.8%
#32. (3:00-3:10)Q&A
63.3%
#47. (0:30-0:40)Sha La La
62.7%
#2. (8:00-8:10)Butterfly
62%
#7. (7:10-7:20)Picky Picky
61.4%
Position Song % Correct
#46. (0:40-0:50)Spring (feat. Sandara Park)
59.5%
#13. (6:10-6:20)Focus On Me
59.5%
#12. (6:20-6:30)Valkyrie
58.9%
#5. (7:30-7:40)Violeta
57.6%
#22. (4:40-4:50)Me
56.3%
#41. (1:30-1:40)Wave
55.1%
#34. (2:40-2:50)Eclipse
53.8%
#16. (5:40-5:50)I Wanna Be (feat. Soyeon)
52.5%
#43. (1:10-1:20)All Night
51.3%
#30. (3:20-3:30)Four Seasons
50.6%
#14. (6:00-6:10)Sunrise
38.6%
#48. (0:20-0:30)Runaway
37.3%
#29. (3:30-3:40)Under Cover
37.3%
#31. (3:10-3:20)Woowa
32.9%
#9. (6:50-7:00)Loca
29.7%
#33. (2:50-3:00)Spotlight
29.1%
#49. (0:10-0:20)The Fifth Season (SSFWL)
28.5%
#45. (0:50-1:00)Hocus Pocus
25.9%
#38. (2:00-2:10)Only U
17.7%
#39. (1:50-2:00)Hakuna Matata
17.1%
#28. (3:40-3:50)Dramatic
15.8%
#37. (2:10-2:20)On N On
12.7%
#44. (1:00-1:10)Moonlight
10.8%
#42. (1:20-1:30)Tic Toc
10.1%
#24. (4:20-4:30)Suffering For Love
8.2%

You're not logged in!

Compare scores with friends on all Sporcle quizzes.
OR
Log In

Sporcle TV

Today on Sporcle TV


Watch our educational content, quiz creation guides, and fun videos on Sporcle TV.

Show Comments

Extras

Top Quizzes Today


Score Distribution

Paid Content

Your Account Isn't Verified!

In order to create a playlist on Sporcle, you need to verify the email address you used during registration. Go to your Sporcle Settings to finish the process.

Report this User

Report this user for behavior that violates our Community Guidelines.

Details: